02025nam a2200313uu 4500001000800000005001700008008004100025020001800066035001200084040001300096041000800109082000800117100003800125245004700163250001100210260004500221300001800266500006300284520090800347650005101255650004001306650003801346650003801384650007201422650004101494942000901535999001901544952014801563132405920260508075518.0130417e20120417 eng  a9780230113831 a1324059 ccomduadb aeng 4a37010aKlein, Sheri R.4edteedt966353810aAction research methods : plain and simple a1. ed. aNueva York :bPalgrave MacMillan,c2012. a226 páginas aGENERAL : Incluye referencias bibliográficas e índice.3 aAmong the plethora of action research books on the market, there is no one text exclusively devoted to understanding how to acquire and interpret research data. Action Research Methods provides a balanced overview of the quantitative and qualitative methodologies and methods for conducting action research within a variety of educational environments and community-based settings. The text provides balanced coverage of the historical and theoretical foundations for action research while addressing practical and ethical considerations in conducting action research. The breand range of chapter topics, from program evaluation to social justice action research, speaks to the diverse approaches that are available to action researchers today. Key terms and end-of-chapter activities are included to reinforce concepts and engage students and practitioners in critical reflection about action research. aInvestigación acción en educación932980 7aInvestigación Educativa29131253 aCalidad de la enseñanza9131941 aEnseñanza - Evaluación938360 aMétodos de investigación en Ciencias humanas y sociales9165647 7aEducación comunitaria2lemb910939 cBOOK c640963d640963 001040708GENaBCbBCd2013-04-17eKtedrag191920.00iC1172527l1o370.78 A188p0975486r2024-06-17 00:00:00s2024-05-15t1w2023-05-02yBOOK